Soft leadership : (Record no. 89445)

MARC details
000 -LEADER
fixed length control field 00546nam a22001817a 4500
005 - DATE AND TIME OF LATEST TRANSACTION
control field 20141021121427.0
010 ## - LCCN (DPL NO)
LC control number ENG-111015
020 ## - INTERNATIONAL STANDARD BOOK NUMBER
Terms of availability 175.00
International Standard Book Number 9788175156579
035 ## - SYSTEM CONTROL NUMBER
System control number EN-94547
037 ## - SOURCE OF ACQUISITION
Source of stock number/acquisition DBAD/PUB
082 ## - DEWEY DECIMAL CLASSIFICATION NUMBER
Classification number 658.4092
100 ## - MAIN ENTRY--PERSONAL NAME
Personal name Rao, M.S.
245 ## - TITLE STATEMENT
Title Soft leadership :
Statement of responsibility, etc by M.S. Rao
Remainder of title make others feel more important /
260 ## - PUBLICATION, DISTRIBUTION, ETC. (IMPRINT)
Place of publication, distribution, etc New Delhi
Name of publisher, distributor, etc Galgotia Publications
Date of publication, distribution, etc 2012
270 ## - ADDRESS
City New Delhi
Postal code 110002
Address 5, Ansari Road, Darya Ganj
300 ## - PHYSICAL DESCRIPTION
Extent xiv,132p.
Dimensions 22cm(pbk)
942 ## - ADDED ENTRY ELEMENTS (KOHA)
Source of classification or shelving scheme Dewey Decimal Classification
Item type English Books
Call number suffix RAO
Classification part 658.4092
Holdings
Withdrawn status Lost status Not for loan Collection code Home library Current library Date acquired Source of acquisition Cost, normal purchase price Full call number Barcode Copy number Cost, replacement price Koha item type
    Not For Loan Non-fiction D.B.Act.Division D.B.Act.Division 20/10/2014 DBAD/PUB 175.00 658.4092 RAO EN-94547 1 175.00 English Books

© Delhi Public Library
Hit Counter
free hit counter